header

Suing the tobacco and lead pigment industries (Record no. 190517)

MARC details
000 -LEADER
fixed length control field 01497nam a2200349Ia 4500
082 04 - DEWEY DECIMAL CLASSIFICATION NUMBER
Classification number 346.7303/8
100 1# - MAIN ENTRY--AUTHOR NAME
Personal name Gifford, Donald G.,
245 10 - TITLE STATEMENT
Title Suing the tobacco and lead pigment industries
260 ## - PUBLICATION, DISTRIBUTION, ETC. (IMPRINT)
Place of publication Ann Arbor :
Name of publisher University of Michigan Press,
Year of publication c2010.
300 ## - PHYSICAL DESCRIPTION
Number of Pages vi, 309 p.
650 #0 - SUBJECT ADDED ENTRY--TOPICAL TERM
Topical Term Products liability
Topical Term Products liability
Topical Term Lead based paint
Topical Term Government litigation
Topical Term Class actions (Civil procedure)
856 40 - ELECTRONIC LOCATION AND ACCESS
Uniform Resource Identifier http://site.ebrary.com/lib/rucke/Doc?id=10395580

No items available.

© 2026 Rongo University
Contact us: librarian | system librarian | Rongo university